[Event "HUN-chT2 Asztalos 1718"]
[Site "Hungary"]
[Date "2018.02.18"]
[Round "6.1"]
[White "Haszon, David"]
[Black "Mohacsi, Andras J"]
[Result "1/2-1/2"]
[WhiteElo "2205"]
[BlackElo "2198"]
[PlyCount "142"]
[EventDate "2017.10.29"]
[EventType "team-tourn"]
[EventRounds "9"]
[EventCountry "HUN"]
[SourceTitle "EXT 2021"]
[Source "ChessBase"]
[SourceDate "2020.10.23"]
[SourceVersion "1"]
[SourceVersionDate "2020.10.23"]
[SourceQuality "1"]
[WhiteTeam "Marcali"]
[BlackTeam "Sarosd"]
[WhiteTeamCountry "HUN"]
[BlackTeamCountry "HUN"]

1. e4 Nc6 2. Nf3 d6 3. Nc3 Nf6 4. Bb5 a6 5. Bxc6+ bxc6 6. d4 e6 7. Qe2 a5 8. Bg5 Be7 9. e5 Ba6 10. Qd2 Nd7 11. exd6 cxd6 12. Ne4 Nf6 13. Bxf6 Bxf6 14. Nxf6+ gxf6 15. Qc3 Qb6 16. Nd2 Qb5 17. 0-0-0 Qd5 18. Rhe1 Ke7 19. f4 Rab8 20. Kb1 Rb4 21. Nf1 Bxf1 22. Rxf1 Rhb8 23. b3 a4 24. Kc1 axb3 25. axb3 Qa5 26. Kb2 Qd5 27. g3 Rc4 28. Qd3 Rbb4 29. Ra1 Rb7 30. Rfd1 Rcb4 31. Ra3 f5 32. Qc3 c5 33. dxc5 Qxd1 34. c6 Qd5 35. c7 Rc4 36. c8Q Rxc3 37. Qxc3 Rd7 38. Ra4 f6 39. Rd4 Qb5 40. Rc4 d5 41. Rc5 Qb6 42. Qa5 Qd6 43. Qb5 Rc7 44. Rxc7+ Qxc7 45. Qb4+ Qd6 46. Qd4 e5 47. fxe5 fxe5 48. Qh4+ Qf6 49. Qxh7+ Kd6 50. Qa7 e4+ 51. c3 Qg5 52. Qb6+ Kd7 53. Qd4 Ke6 54. c4 dxc4 55. bxc4 Qh5 56. Qd5+ Ke7 57. Qc5+ Kd7 58. Kc1 Qh6+ 59. Kd1 Qh5+ 60. Ke1 Ke6 61. Qd5+ Ke7 62. Qe5+ Kd8 63. c5 Qf3 64. Qd6+ Ke8 65. c6 Qe3+ 66. Kd1 Qb3+ 67. Kd2 Qb2+ 68. Ke3 Qc1+ 69. Kf2 Qc2+ 70. Kg1 Qb1+ 71. Kg2 Qb2+ 1/2-1/2

[Event "HUN-chT2 Asztalos 1011"]
[Site "Hungary"]
[Date "2010.11.07"]
[Round "5.3"]
[White "Mohacsi, Andras J"]
[Black "Horvath, Miklos"]
[Result "1-0"]
[WhiteElo "2206"]
[BlackElo "2296"]
[PlyCount "75"]
[EventDate "2010.09.12"]
[EventType "team-tourn"]
[EventRounds "11"]
[EventCountry "HUN"]
[SourceTitle "EXT 2012"]
[Source "ChessBase"]
[SourceDate "2011.11.24"]
[SourceVersion "1"]
[SourceVersionDate "2011.11.24"]
[SourceQuality "1"]
[WhiteTeam "Szekesfehervar"]
[BlackTeam "Fehervar"]
[WhiteTeamCountry "HUN"]
[BlackTeamCountry "HUN"]

1. e4 d6 2. d4 Nf6 3. Nc3 g6 4. Be3 Bg7 5. f3 c6 6. Qd2 h6 7. Bd3 Nbd7 8. Nge2 e5 9. 0-0 b5 10. d5 cxd5 11. Nxb5 Nc5 12. exd5 Nxd3 13. Qxd3 a6 14. Na7 Bb7 15. c4 0-0 16. Qa3 Qc7 17. Rac1 Nd7 18. Rfd1 Rfe8 19. Nc6 Bf8 20. Na5 Bc8 21. b4 f5 22. c5 Qd8 23. c6 Nf6 24. Nc4 f4 25. Nb6 fxe3 26. Nxa8 Bf5 27. g4 Nxg4 28. fxg4 Bxg4 29. Qxe3 Qxa8 30. Rc4 Qc8 31. Rf1 Bg7 32. Kg2 e4 33. Rxe4 Rxe4 34. Qxe4 Bh3+ 35. Kg1 Bxf1 36. Kxf1 Qh3+ 37. Ke1 Qxh2 38. c7 1-0

[Event "HUN-chT2 Asztalos 1011"]
[Site "Hungary"]
[Date "2010.09.12"]
[Round "1.3"]
[White "Mohacsi, Andras J"]
[Black "Percze, Janos"]
[Result "1/2-1/2"]
[WhiteElo "2206"]
[BlackElo "2247"]
[PlyCount "83"]
[EventDate "2010.09.12"]
[EventType "team-tourn"]
[EventRounds "11"]
[EventCountry "HUN"]
[SourceTitle "EXT 2012"]
[Source "ChessBase"]
[SourceDate "2011.11.24"]
[SourceVersion "1"]
[SourceVersionDate "2011.11.24"]
[SourceQuality "1"]
[WhiteTeam "Szekesfehervar"]
[BlackTeam "Nagyatad"]
[WhiteTeamCountry "HUN"]
[BlackTeamCountry "HUN"]

1. e4 c5 2. Nc3 Nc6 3. g3 g6 4. Bg2 Bg7 5. d3 d6 6. f4 Nf6 7. Nf3 0-0 8. 0-0 Rb8 9. h3 b5 10. g4 b4 11. Ne2 Qb6 12. Be3 Ba6 13. Ng3 Nd7 14. Rb1 Nd4 15. Qd2 Qa5 16. e5 Nxf3+ 17. Bxf3 dxe5 18. f5 c4 19. dxc4 Rbd8 20. b3 e4 21. Bg2 Ne5 22. Qf2 Nf3+ 23. Bxf3 exf3 24. Qxf3 Qc7 25. Rbd1 Bb7 26. Qf2 Rxd1 27. Rxd1 Be5 28. Ne2 Qc6 29. Kf1 Qh1+ 30. Ng1 Bh2 31. Ke2 Bxg1 32. Rxg1 Qe4 33. Rd1 Qxc2+ 34. Rd2 Qe4 35. Rd4 Qh1 36. Bh6 Re8 37. fxg6 hxg6 38. Be3 Qxh3 39. g5 e5 40. Rh4 Qf5 41. Qxf5 gxf5 42. Bc5 1/2-1/2

[Event "HUN-chT2 Asztalos 0910"]
[Site "Hungary"]
[Date "2009.12.20"]
[Round "4"]
[White "Molnar, Szabolcs"]
[Black "Mohacsi, Andras J"]
[Result "1/2-1/2"]
[WhiteElo "1975"]
[BlackElo "2220"]
[PlyCount "63"]
[EventDate "2009.11.08"]
[EventType "team-tourn"]
[EventRounds "11"]
[EventCountry "HUN"]
[SourceTitle "EXT 2011"]
[Source "ChessBase"]
[SourceDate "2010.11.26"]
[SourceVersion "1"]
[SourceVersionDate "2010.11.26"]
[SourceQuality "1"]
[WhiteTeam "Dombovar"]
[BlackTeam "Dunaujvaros"]
[WhiteTeamCountry "HUN"]
[BlackTeamCountry "HUN"]

1. e4 Nc6 2. d4 d5 3. e5 Bf5 4. f4 Qd7 5. Nf3 e6 6. Bd3 Nh6 7. c3 Be7 8. 0-0 0-0 9. h3 f6 10. Qe2 Bxd3 11. Qxd3 Nf5 12. Kh2 fxe5 13. fxe5 Nh4 14. Nbd2 Rf7 15. Nxh4 Bxh4 16. Nf3 Raf8 17. Bd2 Bd8 18. h4 Na5 19. Bg5 h6 20. Bxd8 Qxd8 21. g3 Rf5 22. Nd2 Qe8 23. Rxf5 Rxf5 24. Rf1 Rxf1 25. Qxf1 Qg6 26. Qh3 Kf7 27. Qf1+ Kg8 28. Qh3 b6 29. h5 Qf7 30. Kg2 c5 31. Qg4 Nc6 32. a3 1/2-1/2

[Event "HUN-chT2 Breyer 0607"]
[Site "Hungary"]
[Date "2007.05.12"]
[Round "11"]
[White "Kovacs, Elod"]
[Black "Mohacsi, Andras J"]
[Result "1/2-1/2"]
[WhiteElo "2257"]
[BlackElo "2184"]
[PlyCount "33"]
[EventDate "2006.11.12"]
[EventType "team"]
[EventRounds "11"]
[EventCountry "HUN"]
[SourceTitle "EXT 2008"]
[Source "ChessBase"]
[SourceDate "2007.11.25"]
[SourceVersion "1"]
[SourceVersionDate "2007.11.25"]
[SourceQuality "1"]
[WhiteTeam "Balatonfuered"]
[BlackTeam "Kiraly Sakk"]
[WhiteTeamCountry "HUN"]
[BlackTeamCountry "HUN"]

1. Nf3 Nf6 2. c4 g6 3. d4 Bg7 4. Nc3 0-0 5. e4 d6 6. Be2 Nc6 7. d5 Nb8 8. Nd4 e5 9. Nc2 Nbd7 10. Bg5 h6 11. Bh4 a6 12. b4 Qe8 13. 0-0 Nh7 14. Ne3 Ng5 15. Rc1 f5 16. f3 Qe7 17. Qe1 1/2-1/2

[Event "HUN-chT2 Breyer 0607"]
[Site "Hungary"]
[Date "2007.04.29"]
[Round "9"]
[White "Mohacsi, Andras J"]
[Black "Laszlo, Imre"]
[Result "1/2-1/2"]
[WhiteElo "2184"]
[BlackElo "2229"]
[PlyCount "70"]
[EventDate "2006.11.12"]
[EventType "team"]
[EventRounds "11"]
[EventCountry "HUN"]
[SourceTitle "EXT 2008"]
[Source "ChessBase"]
[SourceDate "2007.11.25"]
[SourceVersion "1"]
[SourceVersionDate "2007.11.25"]
[SourceQuality "1"]
[WhiteTeam "Kiraly Sakk"]
[BlackTeam "Geniusz Tata"]
[WhiteTeamCountry "HUN"]
[BlackTeamCountry "HUN"]

1. e4 c5 2. Nc3 Nc6 3. g3 g6 4. Bg2 Bg7 5. d3 d6 6. f4 Nd4 7. Nf3 Bg4 8. h3 Bxf3 9. Bxf3 e6 10. Bg2 Ne7 11. Ne2 Rb8 12. c3 Nxe2 13. Qxe2 Qc7 14. 0-0 0-0 15. h4 d5 16. h5 c4 17. hxg6 hxg6 18. dxc4 Qxc4 19. Qxc4 dxc4 20. Be3 b6 21. Rfd1 Rb7 22. Rd2 Rc7 23. Rad1 f5 24. e5 Nc8 25. a4 Rff7 26. Rd8+ Bf8 27. Kf2 Kg7 28. Bf1 a6 29. R8d4 b5 30. axb5 axb5 31. Ra1 Ra7 32. Rxa7 Rxa7 33. Rd8 Rc7 34. Bg2 Kf7 35. Rd1 Be7 1/2-1/2

[Event "HUN-chT2 Breyer 0607"]
[Site "Hungary"]
[Date "2007.03.25"]
[Round "7"]
[White "Rummel, Zsolt"]
[Black "Mohacsi, Andras J"]
[Result "0-1"]
[WhiteElo "2115"]
[BlackElo "2184"]
[PlyCount "76"]
[EventDate "2006.11.12"]
[EventType "team"]
[EventRounds "11"]
[EventCountry "HUN"]
[SourceTitle "EXT 2008"]
[Source "ChessBase"]
[SourceDate "2007.11.25"]
[SourceVersion "1"]
[SourceVersionDate "2007.11.25"]
[SourceQuality "1"]
[WhiteTeam "Zsambek"]
[BlackTeam "Kiraly Sakk"]
[WhiteTeamCountry "HUN"]
[BlackTeamCountry "HUN"]

1. d4 Nf6 2. Nf3 g6 3. c4 Bg7 4. Nc3 0-0 5. e4 d6 6. Be2 Nc6 7. d5 Nb8 8. 0-0 e5 9. Ne1 Nbd7 10. Be3 Ne8 11. b4 f5 12. f3 f4 13. Bf2 g5 14. c5 Ndf6 15. a4 h5 16. h3 Rf7 17. a5 Bf8 18. cxd6 cxd6 19. Rc1 Rg7 20. Nb5 g4 21. hxg4 hxg4 22. fxg4 Nxe4 23. Bxa7 Qh4 24. Qd3 Ng3 25. Bf3 Nf6 26. g5 Bf5 27. gxf6 Bxd3 28. Nxd3 Qxf6 29. Rfe1 Rxa7 30. Nxa7 e4 31. Nb5 exd3 32. Rc4 Rh7 33. Nc3 Rh1+ 34. Kf2 Qe5 35. Be4 Rxe1 36. Kxe1 Nxe4 37. Nxe4 Bg7 38. Kd1 Qa1+ 0-1

[Event "HUN-chT2 Breyer 0607"]
[Site "Hungary"]
[Date "2007.02.18"]
[Round "5"]
[White "Mohacsi, Andras J"]
[Black "Jamrich, Gyorgy"]
[Result "1-0"]
[WhiteElo "2184"]
[BlackElo "2260"]
[PlyCount "69"]
[EventDate "2006.11.12"]
[EventType "team"]
[EventRounds "11"]
[EventCountry "HUN"]
[SourceTitle "EXT 2008"]
[Source "ChessBase"]
[SourceDate "2007.11.25"]
[SourceVersion "1"]
[SourceVersionDate "2007.11.25"]
[SourceQuality "1"]
[WhiteTeam "Kiraly Sakk"]
[BlackTeam "Honved II"]
[WhiteTeamCountry "HUN"]
[BlackTeamCountry "HUN"]

1. e4 c5 2. Nc3 e6 3. g3 Nc6 4. Bg2 g6 5. d3 Bg7 6. f4 Nge7 7. Nf3 0-0 8. 0-0 d5 9. e5 Rb8 10. h4 b5 11. h5 b4 12. Ne2 Ba6 13. hxg6 hxg6 14. Be3 c4 15. d4 c3 16. b3 Nf5 17. Bf2 Qb6 18. Re1 Bxe2 19. Rxe2 a5 20. g4 Nh6 21. Bh3 a4 22. Qd3 axb3 23. axb3 Ra8 24. Rae1 Ne7 25. Bh4 Ra7 26. Rg2 Rfa8 27. Bxe7 Rxe7 28. f5 Rea7 29. f6 Bf8 30. g5 Nf5 31. Bxf5 exf5 32. Rh2 Ra1 33. Qf1 Qa7 34. Qh3 Rxe1+ 35. Kf2 1-0

[Event "HUN-chT2 Breyer 0607"]
[Site "Hungary"]
[Date "2006.12.03"]
[Round "3"]
[White "Mohacsi, Andras J"]
[Black "Bereczki, Istvan"]
[Result "1-0"]
[WhiteElo "2184"]
[BlackElo "2136"]
[PlyCount "68"]
[EventDate "2006.11.12"]
[EventType "team"]
[EventRounds "11"]
[EventCountry "HUN"]
[SourceTitle "EXT 2008"]
[Source "ChessBase"]
[SourceDate "2007.11.25"]
[SourceVersion "1"]
[SourceVersionDate "2007.11.25"]
[SourceQuality "1"]
[WhiteTeam "Kiraly Sakk"]
[BlackTeam "Vertesi Eromu"]
[WhiteTeamCountry "HUN"]
[BlackTeamCountry "HUN"]

1. e4 c5 2. Nc3 Nc6 3. g3 Rb8 4. f4 e6 5. Bg2 b5 6. Nf3 b4 7. Ne2 Nge7 8. 0-0 g6 9. d3 Bg7 10. g4 f5 11. gxf5 exf5 12. Ng3 0-0 13. Rb1 Qa5 14. exf5 gxf5 15. Re1 Qxa2 16. Be3 d6 17. d4 Nd5 18. dxc5 Nxe3 19. Rxe3 dxc5 20. Ne5 Nd4 21. Nc6 Rb7 22. Ne7+ Rxe7 23. Rxe7 Bf6 24. Rc7 Qa5 25. Bd5+ Kh8 26. Rf7 Rxf7 27. Bxf7 Bg7 28. Bh5 Qd8 29. c3 Qd5 30. Qf1 a5 31. h3 bxc3 32. bxc3 Ne6 33. Bf7 Bxc3 34. Bxe6 Bd4+ 1-0

[Event "HUN-chT2 Breyer 0607"]
[Site "Hungary"]
[Date "2006.11.12"]
[Round "1"]
[White "Mohacsi, Andras J"]
[Black "Fordan, Tibor"]
[Result "0-1"]
[WhiteElo "2184"]
[BlackElo "2221"]
[PlyCount "58"]
[EventDate "2006.11.12"]
[EventType "team"]
[EventRounds "11"]
[EventCountry "HUN"]
[SourceTitle "EXT 2008"]
[Source "ChessBase"]
[SourceDate "2007.11.25"]
[SourceVersion "1"]
[SourceVersionDate "2007.11.25"]
[SourceQuality "1"]
[WhiteTeam "Kiraly Sakk"]
[BlackTeam "BEAC Rufusz II"]
[WhiteTeamCountry "HUN"]
[BlackTeamCountry "HUN"]

1. e4 e5 2. Nf3 Nc6 3. d4 exd4 4. Nxd4 Bc5 5. Be3 Qf6 6. c3 Nge7 7. Bc4 Ne5 8. Be2 Qg6 9. 0-0 d6 10. Nd2 Bh3 11. Bf3 0-0 12. Kh1 Bd7 13. Bh5 Qf6 14. f4 N5c6 15. Nc4 b5 16. e5 Qh4 17. Bf2 Qxf4 18. Bg3 Qh6 19. exd6 cxd6 20. Nxb5 Nf5 21. Bf2 Nce7 22. Nd4 Bxd4 23. cxd4 Bb5 24. Be2 Nd5 25. Qc1 Nf4 26. a4 Bc6 27. Bf3 Bxf3 28. gxf3 Rac8 29. Qb1 Qh3 0-1

[Event "HUN-chT2 Breyer 0506"]
[Site "Hungary"]
[Date "2006.04.23"]
[Round "11"]
[White "Szegi, Tamas"]
[Black "Mohacsi, Andras J"]
[Result "1/2-1/2"]
[WhiteElo "2216"]
[BlackElo "2195"]
[PlyCount "25"]
[EventDate "2005.10.16"]
[EventType "team"]
[EventRounds "11"]
[EventCountry "HUN"]
[SourceTitle "EXT 2009"]
[Source "ChessBase"]
[SourceDate "2008.11.26"]
[SourceVersion "1"]
[SourceVersionDate "2008.11.26"]
[SourceQuality "1"]
[WhiteTeam "Kisber Aszar"]
[BlackTeam "Kiraly Sakk"]
[WhiteTeamCountry "HUN"]
[BlackTeamCountry "HUN"]

1. e4 Nc6 2. Nf3 d6 3. Bc4 Nf6 4. d3 g6 5. h3 Bg7 6. Nc3 0-0 7. a3 e5 8. Bg5 h6 9. Be3 Kh7 10. Qd2 a6 11. g4 Ne8 12. 0-0-0 Nd4 13. Bxd4 1/2-1/2

[Event "HUN-chT2 Asztalos 0304"]
[Site "Hungary"]
[Date "2004.04.18"]
[Round "11"]
[White "Mohacsi, Andras J"]
[Black "Fekete, Karoly"]
[Result "1/2-1/2"]
[WhiteElo "2172"]
[BlackElo "2120"]
[PlyCount "46"]
[EventDate "2003.08.29"]
[EventType "team"]
[EventRounds "11"]
[EventCountry "HUN"]
[SourceTitle "EXT 2009"]
[Source "ChessBase"]
[SourceDate "2008.11.26"]
[SourceVersion "1"]
[SourceVersionDate "2008.11.26"]
[SourceQuality "1"]
[WhiteTeam "Kiraly Sakk"]
[BlackTeam "Bajai"]
[WhiteTeamCountry "HUN"]
[BlackTeamCountry "HUN"]

1. e4 e6 2. Qe2 c5 3. g3 Nc6 4. Bg2 g6 5. c3 Bg7 6. f4 Nge7 7. Nf3 d5 8. d3 b5 9. 0-0 Ba6 10. Nbd2 0-0 11. Nb3 Qb6 12. Be3 dxe4 13. Ne1 b4 14. Bxe4 bxc3 15. bxc3 Bxc3 16. Bxc5 Bd4+ 17. Bxd4 Nxd4 18. Qf2 Rad8 19. Nxd4 Qxd4 20. Rc1 Qxf2+ 21. Rxf2 Rc8 22. Rfc2 Rxc2 23. Rxc2 Rc8 1/2-1/2

[Event "HUN-chT2 Asztalos 0304"]
[Site "Hungary"]
[Date "2003.09.28"]
[Round "1"]
[White "Mohacsi, Andras J"]
[Black "Balazs, Imre"]
[Result "1/2-1/2"]
[WhiteElo "2172"]
[BlackElo "2133"]
[PlyCount "50"]
[EventDate "2003.08.29"]
[EventType "team"]
[EventRounds "11"]
[EventCountry "HUN"]
[SourceTitle "EXT 2009"]
[Source "ChessBase"]
[SourceDate "2008.11.26"]
[SourceVersion "1"]
[SourceVersionDate "2008.11.26"]
[SourceQuality "1"]
[WhiteTeam "Kiraly Sakk"]
[BlackTeam "Gepelem"]
[WhiteTeamCountry "HUN"]
[BlackTeamCountry "HUN"]

1. e4 e5 2. Nf3 Nc6 3. d4 exd4 4. Nxd4 Bc5 5. Be3 Qf6 6. c3 Nge7 7. g3 d6 8. Bg2 Ne5 9. 0-0 0-0 10. h3 Nc4 11. Bc1 Nc6 12. Nxc6 bxc6 13. Qe2 Ne5 14. Be3 Bxe3 15. Qxe3 Ba6 16. Rd1 Rfe8 17. f4 Qh6 18. Kf2 Nd7 19. Qd4 Bb7 20. Nd2 c5 21. Qa4 Nb6 22. Qc2 Rad8 23. c4 Qf6 24. Nf1 Qe6 25. Nd2 Bc6 1/2-1/2

[Event "HUN-chT2 Charousek 0203"]
[Site "Hungary"]
[Date "2003.04.13"]
[Round "11.9"]
[White "Akots, Gabor"]
[Black "Mohacsi, Andras J"]
[Result "1/2-1/2"]
[WhiteElo "2100"]
[BlackElo "2116"]
[PlyCount "42"]
[EventDate "2002.09.22"]
[EventType "team"]
[EventRounds "11"]
[EventCountry "HUN"]
[SourceTitle "EXT 2004"]
[Source "ChessBase"]
[SourceDate "2003.11.25"]
[SourceVersion "1"]
[SourceVersionDate "2003.11.25"]
[SourceQuality "1"]
[WhiteTeam "Geniusz Tata"]
[BlackTeam "Kiraly Sakk"]
[WhiteTeamCountry "HUN"]
[BlackTeamCountry "HUN"]

1. e4 Nc6 2. Nc3 e6 3. d4 d5 4. e5 b6 5. f4 Nge7 6. Be3 Nf5 7. Bf2 Bb4 8. Nf3 Bb7 9. a3 Bxc3+ 10. bxc3 Na5 11. Bd3 Ne7 12. Ng5 g6 13. g4 h6 14. Nf3 Qd7 15. Bh4 Nc4 16. Qc1 0-0-0 17. Bf6 Rhe8 18. Rf1 Qa4 19. Qb1 Ne3 20. Rg1 Ba6 21. Kf2 Nc4 1/2-1/2